Statistiques concernant Pays ne possédant pas d'armée

Cliquez ici pour prendre le quiz!

Statistiques générales

  • Ce quiz a été pris 79 fois
  • Le résultat moyen est 12 sur 19

Statistiques - réponses

ContinentPays% Correct
OcéanieNauru
77%
EuropeAndorre
76%
OcéanieMicronésie
75%
OcéanieTuvalu
75%
OcéanieÎles Marshall
73%
OcéanieKiribati
73%
OcéanieSamoa
71%
EuropeLiechtenstein
67%
OcéaniePalaos
67%
OcéanieÎles Salomon
65%
AmériqueSainte Lucie
65%
AmériqueGrenade
63%
AmériqueCosta Rica
56%
AmériqueDominique
55%
EuropeIslande
51%
AmériquePanama
47%
AfriqueÎle Maurice
39%
AmériqueSaint Christophe et Niévès
32%
AmériqueSaint Vincent et les Grenadines
29%

Distribution des résultats

Percentile par nombre de réponses

% des personnes avec chaque résultat

Votre développement - résultats

Vous n’avez pas pris ce quiz